| 000 | 01281nam a2200265Ia 4500 | ||
|---|---|---|---|
| 999 |
_c52154 _d52154 |
||
| 001 | 19161 | ||
| 003 | GE_BSU | ||
| 005 | 20220920144231.0 | ||
| 008 | 181216s2008||||ge |||||||||||||| ||geo|| | ||
| 040 | _cGE_BSU | ||
| 041 | _ageo | ||
| 080 | _a81 А-84 | ||
| 100 |
_aАрошидзе, Н. _910551 |
||
| 245 |
_aРазличия языковых картин мира в клишированных образах : დისერტაცია / _cН. Арошидзе; Научн. руководитель Д. З. Гоциридзе; Батумский гос. ун-т им. Шота Руставели. |
||
| 264 |
_aБатуми : _bБатумский гос. ун-т им. Ш. Руставели, _c2008. |
||
| 300 |
_a112 стр.ж _b30 см. |
||
| 653 | _aРазличия языковых картин мира в клишированных образах | ||
| 653 | _aЯзыкознание | ||
| 653 | _aდისერტაცია | ||
| 653 | _aენათმეცნიერება | ||
| 653 | _aДиссертация | ||
| 700 |
_aГоциридзе Д. З. _eსამეცნიერო ხელმძღვანელი _910425 |
||
| 710 |
_aБатумский гос. ун-т им. Шота Руставели _910552 |
||
| 942 |
_cBK _2udc |
||